Movies Quiz

Random Movies or Actress Quiz

50 Years of Movie Quotes: Who Said It? Quiz Stats

 Plays Quiz not verified by Sporcle

Challenge
Share
Tweet
Embed
Score 0/50 Timer 10:00
0 Plays Today
Quote Actor/Actress % Correct
Mama always said life was like a box of chocolates. You never know what you're gonna get.Tom Hanks
91.9%
I'm the king of the world!Leonardo DiCaprio
90.9%
You've got to ask yourself one question: 'Do I feel lucky?' Well, do ya, punk?Clint Eastwood
90.4%
I'm going to make him an offer he can't refuse.Marlon Brando
89.3%
Yippee-ki-yay, motherf*cker.Bruce Willis
87.3%
You can't handle the truth!Jack Nicholson
86.8%
To infinity, and beyond!Tim Allen
86.8%
A census taker once tried to test me. I ate his liver with some fava beans and a nice Chianti.Anthony Hopkins
86.3%
Greed, for lack of a better word, is good.Michael Douglas
85.8%
I'll be back.Arnold Schwarzenegger
82.7%
I see dead people.Haley Joel Osment
79.7%
Toga! Toga!John Belushi
78.2%
Django. The D is silent.Jamie Foxx
77.7%
Gentlemen, you can't fight in here! This is the War Room!Peter Sellers
76.1%
Why so serious?Heath Ledger
76.1%
If my calculations are correct, when this baby hits 88 miles per hour... you're gonna see some serious sh*t. Christopher Lloyd
75.1%
Obi-Wan has taught you well.James Earl Jones
73.6%
You had me at 'hello.'Renee Zellweger
73.1%
I am serious...and don't call me Shirley.Leslie Nielsen
71.6%
I'm walkin' here! I'm walkin' here!Dustin Hoffman
70.1%
Keep your friends close, but your enemies closer.Al Pacino
68.5%
I love the smell of napalm in the morning.Robert Duvall
65%
My precious.Andy Serkis
62.9%
You're gonna need a bigger boat.Roy Scheider
60.4%
I drink your milk shake! I drink it up!Daniel Day Lewis
59.9%
Quote Actor/Actress % Correct
Get away from her, you BITCH!Sigourney Weaver
56.9%
I'm as mad as hell, and I'm not going to take this anymore!Peter Finch
54.3%
I wish I knew how to quit you.Jake Gyllenhaal
52.8%
At my signal, unleash hell.Russell Crowe
48.2%
...I mean funny like I'm a clown, I amuse you? I make you laugh, I'm here to f*ckin' amuse you? Joe Pesci
46.2%
No wire hangers, ever!Faye Dunaway
42.6%
I am NOT drinking any f*cking Merlot! Paul Giamatti
42.6%
If you build it, he will come.Ray Liotta
41.1%
La-dee-da, la-dee-da.Diane Keaton
40.1%
...no bastard ever won a war by dying for his country. He won it by making the other poor dumb bastard die for his country.George C. Scott
34%
I'm a cotton-headed ninny-muggins. Will Ferrell
32%
Oh, there's nothing wrong with the children. Only the governesses.Christopher Plummer
31.5%
It takes a great deal of courage to stand up to your enemies, but a great deal more to stand up to your friends.Richard Harris
30.5%
Hey, not-air-marshall John, wanna go back in that restroom and not rest?Melissa McCarthy
30.5%
Hello, gorgeous.Barbra Streisand
28.9%
We're not hosting an intergalactic kegger down here.Rip Torn
23.9%
Wawaweewa! Sacha Baron Cohen
19.3%
... and somebody oughta belt you in the mouth. But I won't, I won't. The hell I won't! John Wayne
18.3%
They're heeere!Heather O'Rourke
17.3%
What we've got here is a failure to communicate.Strother Martin
15.7%
When you have to shoot, shoot. Don't talk.Eli Wallach
13.7%
Life's better with company. Everybody needs a co-pilot.George Clooney
9.6%
You're killin' me, Smalls.Patrick Renna
8.1%
I don't know what the hell I'm doing here. I'm 237 years old, I should be collecting social security. Woody Allen
7.1%
Where are you? Im'ma kill you. Smiley face.P. Diddy (Sean Combs)
6.1%

You're not logged in!

Compare scores with friends on all Sporcle quizzes.
OR
Log In

You Might Also Like...

Show Comments

Extras

Top Quizzes Today


Score Distribution

Your Account Isn't Verified!

In order to create a playlist on Sporcle, you need to verify the email address you used during registration. Go to your Sporcle Settings to finish the process.

Report this User

Report this user for behavior that violates our Community Guidelines.

Details: